The Europa world of learning 2009 (Record no. 136375)

MARC details
000 -LEADER
fixed length control field 00768nam a2200229 4500
010 ## - LIBRARY OF CONGRESS CONTROL NUMBER
LC control number B-316868
020 ## - INTERNATIONAL STANDARD BOOK NUMBER
International Standard Book Number 978857434712
Terms of availability 00.00
035 ## - SYSTEM CONTROL NUMBER
System control number B-316868
037 ## - SOURCE OF ACQUISITION
Stock number Cen Lib/Ret
040 ## - CATALOGING SOURCE
Original cataloging agency DPL
Language of cataloging EN
082 ## - DEWEY DECIMAL CLASSIFICATION NUMBER
Classification number 370.05
Item number EUR
245 ## - TITLE STATEMENT
Title The Europa world of learning 2009
250 ## - EDITION STATEMENT
Edition statement 59th ed
260 ## - PUBLICATION, DISTRIBUTION, ETC. (IMPRINT)
Place of publication, distribution, etc London
Name of publisher, distributor, etc Routledge
Date of publication, distribution, etc 2008
270 ## - ADDRESS
City London
300 ## - PHYSICAL DESCRIPTION
Extent 2 v. ( v 1.1450 ; v 2. 2890 )
500 ## - GENERAL NOTE
General note includes indexes
500 ## - GENERAL NOTE
General note 2 v. ; v 1 Introductory essays ; International organizations Countries: Afghanistan-Myanmar (available) ; v 2. Countries: Namibia-Zimbabwe ; Index. (available)<br/>
650 ## - SUBJECT ADDED ENTRY--TOPICAL TERM
Topical term or geographic name as entry element Education, Higher -- Directories.
650 ## - SUBJECT ADDED ENTRY--TOPICAL TERM
Topical term or geographic name as entry element Education, Higher.
942 ## - ADDED ENTRY ELEMENTS (KOHA)
Source of classification or shelving scheme Dewey Decimal Classification
Koha item type English Books
Classification part 370.05
Call number suffix EUR
Holdings
Withdrawn status Lost status Materials specified (bound volume or other part) Damaged status Not for loan Collection code Home library Current library Date acquired Source of acquisition Cost, normal purchase price Total Checkouts Full call number Barcode Date last seen Copy number Cost, replacement price Price effective from Koha item type
    v.1   Not For Loan Reference Central Library Central Library 27/02/2016 Cen Lib/Ret 0.00   370.05 EUR B-316868 27/02/2016 1 0.00 27/02/2016 English Books
    v.2   Not For Loan Reference Central Library Central Library 27/02/2016 Cen Lib/Ret 0.00   370.05 EUR B-316869 27/02/2016 2 0.00 27/02/2016 English Books

© Delhi Public Library
Hit Counter
free hit counter